000 00326nam a22001457a 4500
008 230717b ||||| |||| 00| 0 eng d
020 _a9781617312090
041 _aeng
080 _a575
082 _a575O'NE
100 _a13
101 _aBIOKIM
245 _aGENERAL ORGANIC BIOCHEMISTRY
_cO'NEAL G. W
942 _2udc
_cBK
999 _c60146
_d60146